Desafíos para la formación de un educador de párvulos del siglo XXI
Tallennettuna:
| Päätekijä: | |
|---|---|
| Aineistotyyppi: | Kirja |
| Kieli: | espanja |
| Julkaistu: |
Santiago
Ministerio de Educación
1999
|
| Sarja: | Serie Educación Parvularia 2000: Aportes a la Reflexión y a la Acción, 1.5
|
| Aiheet: | |
| Tagit: |
Lisää tagi
Ei tageja, Lisää ensimmäinen tagi!
|
MARC
| LEADER | 00000nam a2200000 a 4500 | ||
|---|---|---|---|
| 001 | UCM6012 | ||
| 003 | CL-VaPUC | ||
| 008 | 021025e19990000CL |||||||||||||||||spa|d | ||
| 082 | 0 | 4 | |a 372.21 |b HER |2 21 |
| 100 | |a Hermosilla M., Blanca |e author |9 471994 | ||
| 245 | 1 | 0 | |a Desafíos para la formación de un educador de párvulos del siglo XXI |
| 300 | |a 28 p | ||
| 942 | |c BK | ||
| 945 | |d 20021025 00:00:00 |a cmena | ||
| 260 | |a Santiago |b Ministerio de Educación |c 1999 | ||
| 650 | 0 | |a Educación preescolar |9 260381 | |
| 650 | 0 | |a Planificación del currículo |9 269599 | |
| 650 | 0 | |a Reforma educacional |9 256319 | |
| 650 | 0 | |a Formación profesional de profesores |9 307493 | |
| 650 | 7 | |a EDUCADORA DE PARVULOS |2 CL-VaPUC |9 336182 | |
| 583 | |a last modification |c 20021025 00:00:00 |k Rodrigo Vera | ||
| 490 | 0 | |a Serie Educación Parvularia 2000: Aportes a la Reflexión y a la Acción, 1.5 | |
| 999 | |c 301680 |d 301678 | ||
| 952 | |0 0 |1 0 |4 0 |6 372_210000000000000_HER_1999 |7 0 |8 P |9 361122 |a BIBEDU |b BIBEDU |c BIBEDU_PB |d 2019-11-21 |i 3852601 |o 372.21 HER 1999 |p 3852601 |r 2024-01-25 |w 2019-11-21 |y BK |k EPE | ||
| 952 | |0 0 |1 0 |4 0 |6 372_210000000000000_HER_1999 |7 0 |8 P |9 361123 |a BIBEDU |b BIBEDU |c BIBEDU_PB |d 2019-11-21 |i 385261K |o 372.21 HER 1999 |p 385261K |r 2024-01-25 |w 2019-11-21 |y BK |k EPE | ||
| 952 | |0 0 |1 0 |4 0 |6 372_210000000000000_HER_1999 |7 0 |8 P |9 361124 |a BIBEDU |b BIBEDU |c BIBEDU_PB |d 2019-11-21 |i 3852628 |o 372.21 HER 1999 |p 3852628 |r 2024-01-25 |w 2019-11-21 |y BK |k EPE | ||
| 952 | |0 0 |1 0 |4 0 |6 372_210000000000000_HER_1999 |7 0 |8 P |9 361125 |a BIBEDU |b BIBEDU |c BIBEDU_PB |d 2019-11-21 |i 3852636 |o 372.21 HER 1999 |p 3852636 |r 2024-01-25 |w 2019-11-21 |y BK |k EPE | ||
| 952 | |0 0 |1 0 |4 0 |6 372_210000000000000_HER_1999 |7 0 |8 P |9 361126 |a BIBEDU |b BIBEDU |c BIBEDU_PB |d 2019-11-21 |i 3852644 |o 372.21 HER 1999 |p 3852644 |r 2024-01-25 |w 2019-11-21 |y BK |k EPE | ||
| 952 | |0 0 |1 0 |4 0 |6 372_210000000000000_HER_1999 |7 0 |8 P |9 361127 |a BIBEDU |b BIBEDU |c BIBEDU_PB |d 2019-11-21 |i 3852652 |o 372.21 HER 1999 |p 3852652 |r 2024-01-25 |w 2019-11-21 |y BK |k EPE | ||
| 952 | |0 0 |1 0 |4 0 |6 372_210000000000000_HER_1999 |7 0 |8 P |9 361128 |a BIBEDU |b BIBEDU |c BIBEDU_PB |d 2019-11-21 |i 3852660 |o 372.21 HER 1999 |p 3852660 |r 2024-01-25 |w 2019-11-21 |y BK |k EPE | ||
| 952 | |0 0 |1 0 |4 0 |6 372_210000000000000_HER_1999 |7 0 |8 P |9 361129 |a BIBEDU |b BIBEDU |c BIBEDU_PB |d 2019-11-21 |i 3852679 |o 372.21 HER 1999 |p 3852679 |r 2024-01-25 |w 2019-11-21 |y BK |k EPE | ||
| 952 | |0 0 |1 0 |4 0 |6 372_210000000000000_HER_1999 |7 0 |8 P |9 361130 |a BIBEDU |b BIBEDU |c BIBEDU_PB |d 2019-11-21 |i 3852687 |o 372.21 HER 1999 |p 3852687 |r 2024-01-25 |w 2019-11-21 |y BK |k EPE | ||
| 952 | |0 0 |1 0 |4 0 |6 372_210000000000000_HER_1999 |7 0 |8 P |9 361131 |a BIBEDU |b BIBEDU |c BIBEDU_PB |d 2019-11-21 |i 3852695 |o 372.21 HER 1999 |p 3852695 |r 2024-01-25 |w 2019-11-21 |y BK |k EPE | ||
| 952 | |0 0 |1 0 |4 0 |6 372_210000000000000_HER_1999 |7 0 |8 P |9 361132 |a BIBEDU |b BIBEDU |c BIBEDU_PB |d 2019-11-21 |i 3852709 |o 372.21 HER 1999 |p 3852709 |r 2024-01-25 |w 2019-11-21 |y BK |k EPE | ||
| 952 | |0 0 |1 0 |4 0 |6 372_210000000000000_HER_1999 |7 0 |8 P |9 361133 |a BIBEDU |b BIBEDU |c BIBEDU_PB |d 2019-11-21 |i 3852717 |o 372.21 HER 1999 |p 3852717 |r 2024-01-25 |w 2019-11-21 |y BK |k EPE | ||
| 952 | |0 0 |1 0 |4 0 |6 372_210000000000000_HER_1999 |7 0 |8 P |9 361134 |a BIBEDU |b BIBEDU |c BIBEDU_PB |d 2019-11-21 |i 3852725 |o 372.21 HER 1999 |p 3852725 |r 2024-01-25 |w 2019-11-21 |y BK |k EPE | ||
| 952 | |0 0 |1 0 |4 0 |6 372_210000000000000_HER_1999 |7 0 |8 P |9 361135 |a BIBEDU |b BIBEDU |c BIBEDU_PB |d 2019-11-21 |i 3852733 |o 372.21 HER 1999 |p 3852733 |r 2024-01-25 |w 2019-11-21 |y BK |k EPE | ||
| 952 | |0 0 |1 0 |4 0 |6 372_210000000000000_HER_1999 |7 0 |8 P |9 361136 |a BIBEDU |b BIBEDU |c BIBEDU_PB |d 2019-11-21 |i 3852741 |o 372.21 HER 1999 |p 3852741 |r 2024-01-25 |w 2019-11-21 |y BK |k EPE | ||
| 952 | |0 0 |1 0 |4 0 |6 372_210000000000000_HER_1999 |7 0 |8 P |9 361137 |a BIBEDU |b BIBEDU |c BIBEDU_PB |d 2019-11-21 |i 385275K |o 372.21 HER 1999 |p 385275K |r 2024-01-25 |w 2019-11-21 |y BK |k EPE | ||
| 952 | |0 0 |1 0 |4 0 |6 372_210000000000000_HER_1999 |7 0 |8 P |9 361138 |a BIBEDU |b BIBEDU |c BIBEDU_PB |d 2019-11-21 |i 3852768 |o 372.21 HER 1999 |p 3852768 |r 2024-01-25 |w 2019-11-21 |y BK |k EPE | ||
| 952 | |0 0 |1 0 |4 0 |6 372_210000000000000_HER_1999 |7 0 |8 P |9 361139 |a BIBEDU |b BIBEDU |c BIBEDU_PB |d 2019-11-21 |i 3852776 |o 372.21 HER 1999 |p 3852776 |r 2024-01-25 |w 2019-11-21 |y BK |k EPE | ||
| 952 | |0 0 |1 0 |4 0 |6 372_210000000000000_HER_1999 |7 0 |8 P |9 361140 |a BIBEDU |b BIBEDU |c BIBEDU_PB |d 2019-11-21 |i 3852784 |o 372.21 HER 1999 |p 3852784 |r 2024-01-25 |w 2019-11-21 |y BK |k EPE | ||
| 952 | |0 0 |1 0 |4 0 |6 372_210000000000000_HER_1999 |7 0 |8 P |9 361141 |a BIBEDU |b BIBEDU |c BIBEDU_PB |d 2019-11-21 |i 3852792 |o 372.21 HER 1999 |p 3852792 |r 2024-01-25 |w 2019-11-21 |y BK |k EPE | ||
| 952 | |0 0 |1 0 |4 0 |6 372_210000000000000_HER_1999 |7 0 |8 P |9 361142 |a BIBEDU |b BIBEDU |c BIBEDU_PB |d 2019-11-21 |i 3852806 |o 372.21 HER 1999 |p 3852806 |r 2024-01-25 |w 2019-11-21 |y BK |k EPE | ||
| 952 | |0 0 |1 0 |4 0 |6 372_210000000000000_HER_1999 |7 0 |8 P |9 361143 |a BIBEDU |b BIBEDU |c BIBEDU_PB |d 2019-11-21 |i 3852814 |o 372.21 HER 1999 |p 3852814 |r 2024-01-25 |w 2019-11-21 |y BK |k EPE | ||
| 952 | |0 0 |1 0 |4 0 |6 372_210000000000000_HER_1999 |7 0 |8 P |9 361144 |a BIBEDU |b BIBEDU |c BIBEDU_PB |d 2019-11-21 |i 3852822 |o 372.21 HER 1999 |p 3852822 |r 2024-01-25 |w 2019-11-21 |y BK |k EPE | ||